000 00919pam a2200325 i 4500
999 _c1904
_d1904
001 019770166
003 UkOxU
005 20230215100916.0
008 140501s2014 enk |0|0 1|eng d
015 _aGBB467542
_2bnb
020 _a9780141336107
_c(paperback)
035 _a(Uk)016773951
040 _aStDuBDS
_beng
_erda
_cStDuBDS
_dUk
_dKH8
082 0 4 _aFIC HIG
_223
100 1 _aHigson, Charlie,
_d1958-
_eauthor.
245 1 4 _aThe hunted /
_cCharlie Higson.
264 1 _aLondon, England :
_bPenguin Books,
_c2014.
300 _a439 p. ;
_c22 cm
336 _atext
_2rdacontent
337 _aunmediated
_2rdamedia
338 _avolume
_2rdacarrier
440 _aThe Enemy;
_n6
500 _aAlso available electronically.
500 _aFormerly CIP.
_5Uk
650 _aZombies
651 0 _aLondon (England)
_vFiction.
655 0 _aHorror tales.
655 0 _aYoung adult fiction.
942 _2ddc
_cFIC